| 000 | 00868nam a22002417a 4500 | ||
|---|---|---|---|
| 003 | OSt | ||
| 005 | 20260202062258.0 | ||
| 008 | 260202b |||||||| |||| 00| 0 eng d | ||
| 020 | _a0-7817-1694-X | ||
| 040 |
_aDWC-Main lib. _cOC |
||
| 082 |
_23rd ed. _aCirc. 610.73076 H224m 2001 |
||
| 100 | _aHuttel-Hangrove, Ray A. | ||
| 245 |
_aMedical-surgical nursing/ _cRay A. Hangrove-Huttel |
||
| 250 | _a3rd ed. | ||
| 260 |
_aPhiladelphia : _b Lippincott's Williams & Wilkins, _c c2001 |
||
| 300 |
_axiv, 667 p. ; _c 22 cm. |
||
| 504 | _aIncludes bibliographical references & index. | ||
| 650 | _a1. Nursing - Examinations, questions, etc. | ||
| 650 | _a2. Nursing - Outlines, syllabi etc. | ||
| 650 | _a3. Surgical nursing - Examinations, questions, etc. | ||
| 650 | _a4. Surgical nursing - Outlines, syllabi, etc. | ||
| 942 |
_2ddc _cBK-CIRC _e3rd ed. _hCirc. _n0 |
||
| 999 |
_c8118 _d8118 |
||